[Event "Moscow Petrosian Memorial"]
[Site "Moscow"]
[Date "2014.11.10"]
[Round "6"]
[White "Aronian, Levon"]
[Black "Grischuk, Alexander"]
[Result "1/2-1/2"]
[WhiteElo "2797"]
[BlackElo "2795"]
[Annotator "CB"]
[PlyCount "65"]
[EventDate "2014.11.04"]
[EventType "tourn"]
[EventRounds "7"]
[EventCountry "RUS"]
[EventCategory "20"]
[SourceTitle "CBM 164"]
[Source "ChessBase"]
[SourceDate "2015.01.15"]
[SourceVersion "1"]
[SourceVersionDate "2015.01.15"]
[SourceQuality "1"]

1. d4 Nf6 2. c4 g6 3. Nc3 d5 4. Nf3 Bg7 5. cxd5 Nxd5 6. e4 Nxc3 7. bxc3 c5 8.
Be3 Qa5 9. Nd2 {One of many new attempts against the Grunfeld. c3 is clearly
poisoned because of Rc1, but the question is whether Nd2 is a move White
wanted to make.} O-O (9... cxd4 {is more commonly seen.} 10. Nc4 $5) 10. Rc1 (
10. Be2 {has also been more seen.}) 10... cxd4 11. Nc4 Qxa2 12. cxd4 {Black is
up a pawn, but his queen is a little stranded. He will have to waste a few
more tempi to retrieve it while White finishes development. This, somehow, is
very typical of the Grunfeld.} Qa6 13. Be2 Qe6 14. Qd3 f5 15. O-O Qxe4 16. Qa3
{Black is now up two pawns (!) but he is not the one fighting for the
advantage. White's development lead is so long that it will cost Black at
least his extra material.} Nc6 17. Nd2 Qh4 18. Nf3 Qf6 19. d5 Ne5 20. Rfd1
Nxf3+ 21. Bxf3 Re8 22. Rc7 Qd6 23. Qa4 Rd8 24. Bf4 Bd7 25. Qc4 Be5 26. Bxe5
Qxe5 27. Rxb7 {Grischuk defense has been spot-on. So far he has only lost one
of his pawns. Aronian's initiative is still strong, but Grischuk has diffused
any immediate danger.} Qd6 28. g3 Rab8 (28... a5 29. Re1 {remains unclear.} a4
30. Rb6 $1 $13 Qxb6 31. d6+ e6 32. Rxe6 Bxe6 33. Qxe6+ $11) 29. Rxa7 Ra8 30.
Rb7 Rab8 31. Ra7 Ra8 32. Rb7 Rab8 33. Ra7 1/2-1/2

[Event "Sochi Tal Memorial Blitz"]
[Site "Sochi"]
[Date "2014.11.13"]
[Round "1"]
[White "Tomashevsky, Evgeny"]
[Black "Grischuk, Alexander"]
[Result "0-1"]
[WhiteElo "2714"]
[BlackElo "2795"]
[PlyCount "57"]
[EventDate "2014.11.13"]
[EventType "tourn (blitz)"]
[EventRounds "22"]
[EventCountry "RUS"]
[EventCategory "19"]
[SourceTitle "EXT 2015"]
[Source "ChessBase"]
[SourceDate "2014.11.20"]
[SourceVersion "1"]
[SourceVersionDate "2014.11.20"]
[SourceQuality "1"]

1. d4 Nf6 2. Nf3 g6 3. Bg5 Bg7 4. Nbd2 h6 5. Bh4 O-O 6. c3 d6 7. e4 c5 8. dxc5
dxc5 9. Bc4 Nc6 10. Qe2 Nh5 11. Qe3 Na5 12. Be2 Qc7 13. O-O Be6 14. Rfe1 g5 15.
Bg3 Nxg3 16. hxg3 Rad8 17. Nf1 Nc4 18. Bxc4 Bxc4 19. Qc1 Qc6 20. Ne3 Be6 21.
Nf5 Bxf5 22. exf5 Bf6 23. Ne5 Qc7 24. Qe3 Rd5 25. Ng4 Kg7 26. Qf3 Rfd8 27. Rad1
Qc6 28. Rxd5 Qxd5 29. Qxd5 0-1

[Event "Sochi Tal Memorial Blitz"]
[Site "Sochi"]
[Date "2014.11.13"]
[Round "3"]
[White "Grischuk, Alexander"]
[Black "Gelfand, Boris"]
[Result "1-0"]
[WhiteElo "2795"]
[BlackElo "2759"]
[PlyCount "79"]
[EventDate "2014.11.13"]
[EventType "tourn (blitz)"]
[EventRounds "22"]
[EventCountry "RUS"]
[EventCategory "19"]
[SourceTitle "EXT 2015"]
[Source "ChessBase"]
[SourceDate "2014.11.20"]
[SourceVersion "1"]
[SourceVersionDate "2014.11.20"]
[SourceQuality "1"]

1. d4 Nf6 2. Bf4 c5 3. d5 d6 4. Nc3 g6 5. e4 Bg7 6. Bd3 O-O 7. Nf3 e6 8. dxe6
Bxe6 9. O-O Nc6 10. Re1 d5 11. exd5 Nxd5 12. Nxd5 Bxd5 13. c3 Qb6 14. Qc2 Bxf3
15. gxf3 Rfe8 16. Bg3 Ne5 17. Be4 c4 18. Rad1 Nd3 19. Re2 Qa6 20. Bxd3 cxd3 21.
Rxe8+ Rxe8 22. Qxd3 Qxa2 23. Qd7 Qe6 24. Qxe6 Rxe6 25. Rd7 h5 26. Rxb7 Rb6 27.
Rb8+ Rxb8 28. Bxb8 a5 29. Kf1 Kf8 30. Ke2 Ke7 31. Kd3 Kd7 32. Kc4 Kc6 33. b3
Bf8 34. Be5 Be7 35. b4 a4 36. Bd4 Bd6 37. h3 Be7 38. b5+ Kb7 39. Kd3 a3 40. Ke4
1-0

[Event "Sochi Tal Memorial Blitz"]
[Site "Sochi"]
[Date "2014.11.13"]
[Round "4"]
[White "Karjakin, Sergey"]
[Black "Grischuk, Alexander"]
[Result "0-1"]
[WhiteElo "2770"]
[BlackElo "2795"]
[PlyCount "62"]
[EventDate "2014.11.13"]
[EventType "tourn (blitz)"]
[EventRounds "22"]
[EventCountry "RUS"]
[EventCategory "19"]
[SourceTitle "EXT 2015"]
[Source "ChessBase"]
[SourceDate "2014.11.20"]
[SourceVersion "1"]
[SourceVersionDate "2014.11.20"]
[SourceQuality "1"]

1. Nf3 c5 2. c4 Nc6 3. d4 cxd4 4. Nxd4 e6 5. g3 Qb6 6. Nf3 Bb4+ 7. Nbd2 Nf6 8.
Bg2 O-O 9. O-O Be7 10. a3 a5 11. b3 d5 12. e3 Rd8 13. Bb2 dxc4 14. Nxc4 Qa6 15.
Qe2 b5 16. Ncd2 Bb7 17. Rfc1 Rac8 18. Bf1 a4 19. bxa4 Qxa4 20. Qxb5 Qa8 21. Qe2
h6 22. Nc4 Ba6 23. Qe1 Rb8 24. Rc2 Bb5 25. Nd4 Qa4 26. Nxc6 Bxc6 27. Rac1 Bd5
28. Rd2 Ne4 29. Rdc2 Ng5 30. Nd2 Bxa3 31. Ra1 Qxc2 0-1

[Event "Sochi Tal Memorial Blitz"]
[Site "Sochi"]
[Date "2014.11.13"]
[Round "5"]
[White "Grischuk, Alexander"]
[Black "Leko, Peter"]
[Result "1/2-1/2"]
[WhiteElo "2795"]
[BlackElo "2731"]
[PlyCount "122"]
[EventDate "2014.11.13"]
[EventType "tourn (blitz)"]
[EventRounds "22"]
[EventCountry "RUS"]
[EventCategory "19"]
[SourceTitle "EXT 2015"]
[Source "ChessBase"]
[SourceDate "2014.11.20"]
[SourceVersion "1"]
[SourceVersionDate "2014.11.20"]
[SourceQuality "1"]

1. e4 e5 2. Nf3 Nc6 3. Nc3 Nf6 4. Bb5 Bb4 5. O-O O-O 6. d3 Bxc3 7. bxc3 d6 8.
Re1 a6 9. Bxc6 bxc6 10. Bg5 h6 11. Bh4 Qe7 12. Nd2 Qe6 13. d4 Nd7 14. Nf1 Nb6
15. Bg3 Re8 16. h3 a5 17. Qf3 Nc4 18. Nh2 f6 19. Ng4 Qf7 20. Rad1 Rb8 21. Ne3
Nxe3 22. Qxe3 Qxa2 23. Ra1 Qxc2 24. Rxa5 Rb1 25. f3 Rb2 26. Bf2 Be6 27. Rc1 Qd2
28. Qxd2 Rxd2 29. Raa1 Rb8 30. Rd1 Rc2 31. Rdc1 Rbb2 32. Rxc2 Rxc2 33. Ra7 Rxc3
34. dxe5 fxe5 35. Rxc7 c5 36. Bh4 c4 37. Be7 Rd3 38. Rc6 c3 39. Kf2 Rd2+ 40.
Kg3 c2 41. Bd8 Bb3 42. Bb6 d5 43. exd5 Bxd5 44. Rc8+ Kh7 45. Be3 Re2 46. Bc1 e4
47. Rc7 exf3 48. gxf3 Kg8 49. h4 Bf7 50. Rc8+ Be8 51. Rc7 Bf7 52. Rc8+ Kh7 53.
Rc7 Kg8 54. Rc8+ Be8 55. Rc7 Bf7 56. Rc8+ Kh7 57. Rc7 Kg6 58. h5+ Kf6 59. Bb2+
Ke6 60. Bxg7 Bxh5 61. Bxh6 Bg6 1/2-1/2

[Event "Sochi Tal Memorial Blitz"]
[Site "Sochi"]
[Date "2014.11.13"]
[Round "6"]
[White "Inarkiev, Ernesto"]
[Black "Grischuk, Alexander"]
[Result "1/2-1/2"]
[WhiteElo "2688"]
[BlackElo "2795"]
[PlyCount "79"]
[EventDate "2014.11.13"]
[EventType "tourn (blitz)"]
[EventRounds "22"]
[EventCountry "RUS"]
[EventCategory "19"]
[SourceTitle "EXT 2015"]
[Source "ChessBase"]
[SourceDate "2014.11.20"]
[SourceVersion "1"]
[SourceVersionDate "2014.11.20"]
[SourceQuality "1"]

1. e4 c5 2. Nf3 d6 3. d4 cxd4 4. Nxd4 Nf6 5. Nc3 a6 6. Be3 Ng4 7. Bc1 Nf6 8.
Be3 Ng4 9. Bg5 h6 10. Bh4 g5 11. Bg3 Bg7 12. Qd2 Nc6 13. Nb3 Nge5 14. Nd5 b5
15. c3 Rb8 16. f3 Nc4 17. Bxc4 bxc4 18. Nd4 Nxd4 19. cxd4 Be6 20. Ne3 Qb6 21.
d5 Qxb2 22. Qxb2 Bxb2 23. Rb1 Bd7 24. Nxc4 Bc3+ 25. Ke2 O-O 26. Kd3 Bg7 27. Kd2
f5 28. Rhc1 fxe4 29. fxe4 h5 30. Rxb8 Rxb8 31. Bf2 Be8 32. Nb6 Bg6 33. Kd3 Rf8
34. Be3 g4 35. Rc7 Re8 36. Nc4 Bf6 37. Bd4 Bg5 38. Be3 Bf6 39. Bd4 Bg5 40. Be3
1/2-1/2

[Event "Sochi Tal Memorial Blitz"]
[Site "Sochi"]
[Date "2014.11.13"]
[Round "7"]
[White "Grischuk, Alexander"]
[Black "Nepomniachtchi, Ian"]
[Result "1-0"]
[WhiteElo "2795"]
[BlackElo "2714"]
[PlyCount "113"]
[EventDate "2014.11.13"]
[EventType "tourn (blitz)"]
[EventRounds "22"]
[EventCountry "RUS"]
[EventCategory "19"]
[SourceTitle "EXT 2015"]
[Source "ChessBase"]
[SourceDate "2014.11.20"]
[SourceVersion "1"]
[SourceVersionDate "2014.11.20"]
[SourceQuality "1"]

1. d4 Nf6 2. c4 g6 3. f3 c5 4. d5 b5 5. cxb5 a6 6. e4 d6 7. a4 Bg7 8. Na3 O-O
9. Ne2 e6 10. dxe6 Bxe6 11. Nf4 d5 12. Be2 axb5 13. Nxb5 Nc6 14. O-O Nd4 15.
Nxd4 cxd4 16. exd5 Nxd5 17. Nxe6 fxe6 18. Bc4 Kh8 19. Qe2 Qb6 20. Kh1 Ne3 21.
Bxe3 dxe3 22. Rae1 Bd4 23. b3 e5 24. Rd1 Rf4 25. g3 Rf6 26. Qc2 Raf8 27. Qe4 g5
28. Rde1 Kg7 29. Kg2 h5 30. Qd5 Rd6 31. Qe4 Rdf6 32. h4 gxh4 33. Qxh4 Qb7 34.
Qe4 Qe7 35. Bd3 Rh8 36. Rh1 Qb4 37. Re2 Qxb3 38. f4 Qe6 39. fxe5 Qxe5 40. Qxe5
Bxe5 41. Rxe3 Bd6 42. a5 Rb8 43. Rxh5 Rb2+ 44. Kh3 Ra2 45. Rh7+ Kg8 46. Bc4+
Kxh7 47. Bxa2 Kg7 48. Re6 Rxe6 49. Bxe6 Kf6 50. Bc4 Kg5 51. a6 Bc5 52. Kg2 Kf5
53. Kf3 Ba7 54. g4+ Ke5 55. Bd3 Kf6 56. Ke4 Bb8 57. Kd5 1-0

[Event "Sochi Tal Memorial Blitz"]
[Site "Sochi"]
[Date "2014.11.13"]
[Round "9"]
[White "Grischuk, Alexander"]
[Black "Morozevich, Alexander"]
[Result "1-0"]
[WhiteElo "2795"]
[BlackElo "2724"]
[PlyCount "145"]
[EventDate "2014.11.13"]
[EventType "tourn (blitz)"]
[EventRounds "22"]
[EventCountry "RUS"]
[EventCategory "19"]
[SourceTitle "EXT 2015"]
[Source "ChessBase"]
[SourceDate "2014.11.20"]
[SourceVersion "1"]
[SourceVersionDate "2014.11.20"]
[SourceQuality "1"]

1. d4 d5 2. c4 c6 3. Nf3 Nf6 4. Nc3 a6 5. g3 dxc4 6. a4 c5 7. d5 e6 8. e4 exd5
9. e5 Nfd7 10. Qxd5 Be7 11. Bxc4 O-O 12. O-O Nc6 13. Qe4 Kh8 14. Rd1 Qe8 15.
Bf4 f5 16. Qe3 Nb6 17. Bb3 c4 18. Ba2 Bd8 19. h4 Be6 20. Ng5 Bg8 21. Bb1 Nd7
22. e6 Bxg5 23. hxg5 Qxe6 24. Qxe6 Bxe6 25. Nd5 Nde5 26. Nc7 Rae8 27. Nxe8 Rxe8
28. Ra3 Kg8 29. Re3 Ng4 30. Ree1 h6 31. Bxf5 Bxf5 32. Rxe8+ Kf7 33. Ree1 hxg5
34. Bxg5 Nge5 35. Kg2 Bg4 36. Bf4 Bf3+ 37. Kf1 Bxd1 38. Rxd1 Nd3 39. Rd2 Ke6
40. Be3 Kd5 41. Ke2 Ncb4 42. Rd1 b5 43. axb5 axb5 44. Bd2 Nc6 45. Bc3 g5 46.
Rxd3+ cxd3+ 47. Kxd3 g4 48. Ke3 b4 49. Bh8 Ne7 50. Bf6 Nf5+ 51. Kf4 Nd6 52. Be7
Ne4 53. Bxb4 Nxf2 54. Bc3 Kc4 55. Kf5 Kd3 56. Be5 Kc4 57. Bg7 Kb3 58. Kf4 Kc4
59. Bh8 Kb3 60. Bd4 Nd3+ 61. Kxg4 Kc4 62. Bh8 Kd5 63. Kf5 Nc5 64. g4 Ne4 65. g5
Nd6+ 66. Kg6 Ke6 67. b4 Ke7 68. Bd4 Ke6 69. Bc5 Nf5 70. b5 Nh4+ 71. Kh5 Nf3 72.
b6 Ne5 73. b7 1-0

[Event "Sochi Tal Memorial Blitz"]
[Site "Sochi"]
[Date "2014.11.13"]
[Round "10"]
[White "Kramnik, Vladimir"]
[Black "Grischuk, Alexander"]
[Result "1-0"]
[WhiteElo "2760"]
[BlackElo "2795"]
[PlyCount "69"]
[EventDate "2014.11.13"]
[EventType "tourn (blitz)"]
[EventRounds "22"]
[EventCountry "RUS"]
[EventCategory "19"]
[SourceTitle "EXT 2015"]
[Source "ChessBase"]
[SourceDate "2014.11.20"]
[SourceVersion "1"]
[SourceVersionDate "2014.11.20"]
[SourceQuality "1"]

1. d4 Nf6 2. c4 c5 3. d5 g6 4. Nc3 Bg7 5. e4 O-O 6. Nf3 e6 7. e5 Ng4 8. Ng5
Nxe5 9. f4 exd5 10. fxe5 d4 11. Nd5 Nc6 12. Nf3 Nxe5 13. Nxe5 Qh4+ 14. g3 Qe4+
15. Qe2 Qxh1 16. Nf3 d6 17. Kf2 Bg4 18. Bg2 Bxf3 19. Qxf3 Qxh2 20. Bf4 Qh5 21.
Qxh5 gxh5 22. Bxd6 Rfe8 23. Ne7+ Kh8 24. Bxc5 d3 25. Rd1 Rad8 26. Bd5 Rd7 27.
Nf5 Re2+ 28. Kf3 Rxb2 29. Nxg7 Rxa2 30. Nxh5 f6 31. Bd4 h6 32. Nxf6 Rd8 33.
Rxd3 Kg7 34. Ne4+ Kg6 35. Nc3 1-0

[Event "Sochi Tal Memorial Blitz"]
[Site "Sochi"]
[Date "2014.11.13"]
[Round "11"]
[White "Grischuk, Alexander"]
[Black "Svidler, Peter"]
[Result "1-0"]
[WhiteElo "2795"]
[BlackElo "2743"]
[PlyCount "57"]
[EventDate "2014.11.13"]
[EventType "tourn (blitz)"]
[EventRounds "22"]
[EventCountry "RUS"]
[EventCategory "19"]
[SourceTitle "EXT 2015"]
[Source "ChessBase"]
[SourceDate "2014.11.20"]
[SourceVersion "1"]
[SourceVersionDate "2014.11.20"]
[SourceQuality "1"]

1. d4 d6 2. Nf3 g6 3. c4 Bg7 4. Nc3 e5 5. e4 exd4 6. Nxd4 Ne7 7. h4 Nbc6 8. Be3
f5 9. h5 fxe4 10. hxg6 hxg6 11. Rxh8+ Bxh8 12. Nxe4 Nf5 13. Bg5 Qd7 14. Nb5 a6
15. Nbc3 Qf7 16. Qd2 Be6 17. O-O-O Bxc4 18. Re1 Kf8 19. Bxc4 Qxc4 20. Rh1 Bxc3
21. Nxc3 Kg7 22. f3 Ne5 23. Kb1 Qd3+ 24. Qxd3 Nxd3 25. Nd5 Re8 26. g4 c6 27.
Nf6 Re2 28. Rh7+ Kf8 29. gxf5 1-0

[Event "Sochi Tal Memorial Blitz"]
[Site "Sochi"]
[Date "2014.11.14"]
[Round "12"]
[White "Svidler, Peter"]
[Black "Grischuk, Alexander"]
[Result "1/2-1/2"]
[WhiteElo "2743"]
[BlackElo "2795"]
[PlyCount "84"]
[EventDate "2014.11.13"]
[EventType "tourn (blitz)"]
[EventRounds "22"]
[EventCountry "RUS"]
[EventCategory "19"]
[SourceTitle "EXT 2015"]
[Source "ChessBase"]
[SourceDate "2014.11.20"]
[SourceVersion "1"]
[SourceVersionDate "2014.11.20"]
[SourceQuality "1"]

1. Nf3 c5 2. g3 g6 3. Bg2 Bg7 4. O-O Nc6 5. e4 d6 6. c3 e5 7. a3 Nge7 8. b4 O-O
9. d3 h6 10. Nbd2 Be6 11. Re1 Rc8 12. Bb2 b5 13. Nf1 a5 14. a4 axb4 15. axb5
bxc3 16. Bxc3 Nb4 17. Ne3 Rb8 18. Bxb4 cxb4 19. Qa4 Qd7 20. Qxb4 Rxb5 21. Qd2
Rfb8 22. d4 Rb2 23. Qd1 Bb3 24. Qd3 Qb5 25. Qc3 Ba2 26. dxe5 Bxe5 27. Nxe5 Qxe5
28. Qxe5 dxe5 29. Ng4 Nc6 30. Nxh6+ Kg7 31. Ng4 Nd4 32. Ne3 Be6 33. h3 R8b3 34.
Ra5 Rb5 35. Rxb5 Rxb5 36. Ra1 Ne2+ 37. Kf1 Nd4 38. Kg1 Ne2+ 39. Kh2 Nd4 40. Ra3
Rb2 41. Kg1 Ne2+ 42. Kh2 Nd4 1/2-1/2

[Event "Sochi Tal Memorial Blitz"]
[Site "Sochi"]
[Date "2014.11.14"]
[Round "13"]
[White "Grischuk, Alexander"]
[Black "Tomashevsky, Evgeny"]
[Result "1/2-1/2"]
[WhiteElo "2795"]
[BlackElo "2714"]
[PlyCount "61"]
[EventDate "2014.11.13"]
[EventType "tourn (blitz)"]
[EventRounds "22"]
[EventCountry "RUS"]
[EventCategory "19"]
[SourceTitle "EXT 2015"]
[Source "ChessBase"]
[SourceDate "2014.11.20"]
[SourceVersion "1"]
[SourceVersionDate "2014.11.20"]
[SourceQuality "1"]

1. d4 Nf6 2. c4 e6 3. Nf3 Bb4+ 4. Nbd2 O-O 5. a3 Be7 6. e4 d6 7. Be2 Nbd7 8.
Qc2 c5 9. d5 Ng4 10. b3 Bf6 11. Bb2 Bxb2 12. Qxb2 Qe7 13. O-O e5 14. Ne1 Qh4
15. Ndf3 Qh6 16. Qd2 Qxd2 17. Nxd2 Nh6 18. Nd3 b6 19. b4 f5 20. Rab1 Nf6 21. f3
fxe4 22. fxe4 Nf7 23. bxc5 bxc5 24. Rb2 Ba6 25. Rfb1 Nd7 26. Bg4 Nb6 27. Rc2
Bc8 28. Bxc8 Raxc8 29. h3 Ng5 30. a4 Nxa4 31. Rb8 1/2-1/2

[Event "Sochi Tal Memorial Blitz"]
[Site "Sochi"]
[Date "2014.11.14"]
[Round "15"]
[White "Gelfand, Boris"]
[Black "Grischuk, Alexander"]
[Result "1/2-1/2"]
[WhiteElo "2759"]
[BlackElo "2795"]
[PlyCount "74"]
[EventDate "2014.11.13"]
[EventType "tourn (blitz)"]
[EventRounds "22"]
[EventCountry "RUS"]
[EventCategory "19"]
[SourceTitle "EXT 2015"]
[Source "ChessBase"]
[SourceDate "2014.11.20"]
[SourceVersion "1"]
[SourceVersionDate "2014.11.20"]
[SourceQuality "1"]

1. d4 Nf6 2. c4 g6 3. Nc3 d5 4. Nf3 Bg7 5. Bg5 Ne4 6. Bf4 O-O 7. Nxd5 c5 8. Nc3
Qa5 9. e3 Nc6 10. Rc1 Rd8 11. d5 Nxc3 12. bxc3 Bxc3+ 13. Nd2 e6 14. e4 Nd4 15.
Bd3 Bb2 16. Rb1 Qxa2 17. O-O a5 18. Bc7 Rd7 19. Bb6 Qa3 20. Bxc5 Qxc5 21. Rxb2
a4 22. Ra2 a3 23. Qa1 b5 24. cxb5 exd5 25. Rc1 Qb4 26. exd5 Rxd5 27. Ne4 Qe7
28. Re1 Be6 29. Bc4 Rdd8 30. Bxe6 Qxe6 31. Rxa3 Rxa3 32. Qxa3 Nc2 33. Qa5 Rf8
34. Re2 Nd4 35. Re3 Nc2 36. Re2 Nd4 37. Re3 Nc2 1/2-1/2

[Event "Sochi Tal Memorial Blitz"]
[Site "Sochi"]
[Date "2014.11.14"]
[Round "16"]
[White "Grischuk, Alexander"]
[Black "Karjakin, Sergey"]
[Result "1-0"]
[WhiteElo "2795"]
[BlackElo "2770"]
[PlyCount "77"]
[EventDate "2014.11.13"]
[EventType "tourn (blitz)"]
[EventRounds "22"]
[EventCountry "RUS"]
[EventCategory "19"]
[SourceTitle "EXT 2015"]
[Source "ChessBase"]
[SourceDate "2014.11.20"]
[SourceVersion "1"]
[SourceVersionDate "2014.11.20"]
[SourceQuality "1"]

1. d4 d5 2. c4 dxc4 3. e3 Nf6 4. Bxc4 e6 5. Nf3 a6 6. O-O c5 7. b3 b6 8. Bb2
Bb7 9. Be2 Nbd7 10. Nbd2 Be7 11. Nc4 O-O 12. Rc1 b5 13. Nce5 Rc8 14. a4 bxa4
15. bxa4 Nxe5 16. Nxe5 Qb6 17. Nc4 Qa7 18. a5 Rcd8 19. Nb6 Qb8 20. Ba3 Bd6 21.
Bxc5 Bxh2+ 22. Kh1 Bd6 23. Bf3 Ne4 24. Bxd6 Qxd6 25. Qc2 f5 26. Qc7 Rf7 27.
Qxd6 Nxd6 28. Bxb7 Nxb7 29. Rc6 Nxa5 30. Rxe6 f4 31. Kg1 Nb3 32. Rb1 Nd2 33.
Rd1 Nb3 34. Nc4 fxe3 35. fxe3 a5 36. Ra6 Re7 37. Rb1 Nxd4 38. exd4 Rxd4 39.
Rb8+ 1-0

[Event "Sochi Tal Memorial Blitz"]
[Site "Sochi"]
[Date "2014.11.14"]
[Round "18"]
[White "Grischuk, Alexander"]
[Black "Inarkiev, Ernesto"]
[Result "1/2-1/2"]
[WhiteElo "2795"]
[BlackElo "2688"]
[PlyCount "89"]
[EventDate "2014.11.13"]
[EventType "tourn (blitz)"]
[EventRounds "22"]
[EventCountry "RUS"]
[EventCategory "19"]
[SourceTitle "EXT 2015"]
[Source "ChessBase"]
[SourceDate "2014.11.20"]
[SourceVersion "1"]
[SourceVersionDate "2014.11.20"]
[SourceQuality "1"]

1. Nf3 d5 2. c4 e6 3. g3 Nf6 4. Bg2 dxc4 5. O-O a6 6. Qc2 Bd6 7. Qxc4 b5 8. Qb3
c5 9. d3 Nc6 10. a4 Rb8 11. axb5 axb5 12. Nc3 O-O 13. Bg5 Be7 14. Rfc1 Qb6 15.
Bxf6 gxf6 16. Qc2 Bb7 17. Qd2 Na5 18. Nd5 Bxd5 19. Qxa5 Qxa5 20. Rxa5 c4 21.
Nh4 Bb4 22. Ra7 cxd3 23. exd3 Bxg2 24. Kxg2 Rfc8 25. Rcc7 Rxc7 26. Rxc7 Rd8 27.
Rb7 Rxd3 28. Rxb5 Rb3 29. Nf3 Rxb2 30. g4 Bc3 31. Rxb2 Bxb2 32. Nd2 Kg7 33. Kf3
Kg6 34. Nc4 Bd4 35. h3 f5 36. Nd6 fxg4+ 37. hxg4 Be5 38. Nc4 Bb8 39. Nb6 Ba7
40. Nc4 f5 41. gxf5+ Kxf5 42. Nd6+ Ke5 43. Nf7+ Kf6 44. Nd8 Bb6 45. Nxe6
1/2-1/2

[Event "Sochi Tal Memorial Blitz"]
[Site "Sochi"]
[Date "2014.11.14"]
[Round "19"]
[White "Nepomniachtchi, Ian"]
[Black "Grischuk, Alexander"]
[Result "1/2-1/2"]
[WhiteElo "2714"]
[BlackElo "2795"]
[PlyCount "91"]
[EventDate "2014.11.13"]
[EventType "tourn (blitz)"]
[EventRounds "22"]
[EventCountry "RUS"]
[EventCategory "19"]
[SourceTitle "EXT 2015"]
[Source "ChessBase"]
[SourceDate "2014.11.20"]
[SourceVersion "1"]
[SourceVersionDate "2014.11.20"]
[SourceQuality "1"]

1. e4 c5 2. Nf3 d6 3. d4 cxd4 4. Nxd4 Nf6 5. Nc3 g6 6. Bc4 Bg7 7. Bb3 O-O 8. f3
Nc6 9. Be3 Bd7 10. Qd2 Nxd4 11. Bxd4 b5 12. h4 a5 13. a4 bxa4 14. Nxa4 h5 15.
Nb6 Ra6 16. Nxd7 Nxd7 17. Bc4 Ra8 18. Bd5 Bxd4 19. Qxd4 Rb8 20. b3 Qc7 21. O-O
Nb6 22. Rf2 e6 23. Bc4 Nxc4 24. Qxc4 Qxc4 25. bxc4 Ra8 26. Rd2 Ra6 27. Ra4 Rb8
28. Kf2 Kf8 29. Ke3 Ke7 30. Rd1 Rb4 31. Rxb4 axb4 32. Rb1 Ra4 33. Kd4 e5+ 34.
Kd3 Kd7 35. c3 bxc3 36. Rb7+ Ke6 37. Kxc3 Ra3+ 38. Rb3 Ra2 39. Rb2 Rxb2 40.
Kxb2 Kd7 41. g4 f6 42. Kb3 Kc6 43. gxh5 gxh5 44. Kc2 Kb6 45. Kb2 Kc6 46. Kc2
1/2-1/2

[Event "Sochi Tal Memorial Blitz"]
[Site "Sochi"]
[Date "2014.11.14"]
[Round "21"]
[White "Morozevich, Alexander"]
[Black "Grischuk, Alexander"]
[Result "0-1"]
[WhiteElo "2724"]
[BlackElo "2795"]
[PlyCount "100"]
[EventDate "2014.11.13"]
[EventType "tourn (blitz)"]
[EventRounds "22"]
[EventCountry "RUS"]
[EventCategory "19"]
[SourceTitle "EXT 2015"]
[Source "ChessBase"]
[SourceDate "2014.11.20"]
[SourceVersion "1"]
[SourceVersionDate "2014.11.20"]
[SourceQuality "1"]

1. e4 c5 2. Nf3 d6 3. d4 cxd4 4. Nxd4 Nf6 5. Nc3 a6 6. Bg5 Nbd7 7. a4 e6 8. Be2
Be7 9. O-O O-O 10. Qd3 Qc7 11. Qg3 Kh8 12. Rad1 b6 13. Qh4 Bb7 14. f4 Rfe8 15.
Rd3 Nf8 16. f5 e5 17. Nb3 h6 18. Bxf6 Bxf6 19. Qh5 Nh7 20. Rfd1 Rad8 21. Qf3
Be7 22. Qf2 Nf6 23. Bf3 Bc6 24. Kh1 b5 25. axb5 axb5 26. Qe1 Ra8 27. Nb1 Bf8
28. h3 Bb7 29. Qe2 d5 30. Nc3 d4 31. Nxb5 Qb6 32. Na3 Bxa3 33. bxa3 Ba6 34. Ra1
Rec8 35. a4 Qb4 36. Qd2 Qb8 37. Na5 Bxd3 38. cxd3 Rc3 39. Nc4 Nd7 40. a5 Nc5
41. Be2 Nb3 42. Qb2 Nxa1 43. Qxa1 Qb5 44. Qa2 Rxc4 45. dxc4 Qxa5 46. Qb1 Qd2
47. Bh5 d3 48. Kh2 Qf4+ 49. Kh1 d2 50. Qb7 Ra1+ 0-1

[Event "Sochi Tal Memorial Blitz"]
[Site "Sochi"]
[Date "2014.11.14"]
[Round "22"]
[White "Grischuk, Alexander"]
[Black "Kramnik, Vladimir"]
[Result "1-0"]
[WhiteElo "2795"]
[BlackElo "2760"]
[PlyCount "109"]
[EventDate "2014.11.13"]
[EventType "tourn (blitz)"]
[EventRounds "22"]
[EventCountry "RUS"]
[EventCategory "19"]
[SourceTitle "EXT 2015"]
[Source "ChessBase"]
[SourceDate "2014.11.20"]
[SourceVersion "1"]
[SourceVersionDate "2014.11.20"]
[SourceQuality "1"]

1. d4 Nf6 2. Bf4 c5 3. d5 d6 4. Nc3 g6 5. e4 Bg7 6. Nf3 O-O 7. Bd3 Bg4 8. h3
Bxf3 9. Qxf3 Na6 10. Qd1 Nc7 11. O-O b5 12. a3 Rb8 13. Re1 a5 14. Qd2 Nd7 15.
Bh6 b4 16. Bxg7 Kxg7 17. axb4 cxb4 18. Ne2 Nb5 19. Bxb5 Rxb5 20. Nd4 Rc5 21.
Nb3 Rb5 22. c4 bxc3 23. Qxc3+ Nf6 24. Nxa5 Qb6 25. Nc4 Qb7 26. Re3 Rc8 27. b3
Kg8 28. Ra5 Rxa5 29. Qxa5 Nd7 30. Qe1 Nc5 31. Na5 Qc7 32. Nc6 Ra8 33. b4 Nb7
34. Rc3 Qd7 35. Qe3 f6 36. Qb6 Kg7 37. Nd4 Rc8 38. Rc6 Nd8 39. b5 Nxc6 40. dxc6
Qe8 41. Qa5 Ra8 42. Qc3 e5 43. Nc2 Qb8 44. Qc4 Qb6 45. Ne3 Rb8 46. c7 Rc8 47.
Nd5 Qa5 48. g3 f5 49. b6 Qe1+ 50. Kg2 Qb1 51. Ne7 fxe4 52. Nxc8 e3 53. Nxd6
exf2 54. Qf7+ Kh6 55. Qxf2 1-0

[Event "Beijing Sportaccord rap"]
[Site "Beijing"]
[Date "2014.12.11"]
[Round "2"]
[White "Bacrot, Etienne"]
[Black "Grischuk, Alexander"]
[Result "0-1"]
[WhiteElo "2718"]
[BlackElo "2810"]
[PlyCount "80"]
[EventDate "2014.12.11"]
[EventType "swiss (rapid)"]
[EventRounds "7"]
[EventCountry "CHN"]
[SourceTitle "CBM 164"]
[Source "ChessBase"]
[SourceDate "2015.01.15"]
[SourceVersion "1"]
[SourceVersionDate "2015.01.15"]
[SourceQuality "1"]

1. d4 d5 2. c4 e6 3. Nc3 c6 4. e3 Nd7 5. Qc2 Nh6 6. e4 e5 7. Nf3 exd4 8. Nxd4
dxc4 9. Nf3 b5 10. a4 Bb4 11. Be2 Nc5 12. Bxh6 gxh6 13. O-O O-O 14. axb5 Bxc3
15. Qxc3 cxb5 16. Qe5 Qb6 17. Rfd1 f6 18. Qf4 Bb7 19. Rd6 Qc7 20. Nd4 a6 21. f3
Rad8 22. Nf5 Rxd6 23. Nxd6 Bc8 24. Rd1 Be6 25. Qxh6 Na4 26. e5 Qc5+ 27. Kf1
Qxe5 28. f4 Qe3 29. Re1 Nxb2 30. Nf5 Bxf5 31. Bxc4+ Nxc4 32. Rxe3 Nxe3+ 33. Ke2
Nd5 34. Kf3 Bg6 35. h4 Rc8 36. h5 Bf5 37. g4 Rc3+ 38. Ke2 Bxg4+ 39. Kd2 Bf5 40.
Kd1 b4 0-1